| 000 | 00589nam a22001577a 4500 | ||
|---|---|---|---|
| 008 | 230503b |||||||| |||| 00| 0 eng d | ||
| 040 |
_aNational Science Library _cNational Science Library |
||
| 080 |
_a69.02 _bK5.1 |
||
| 245 |
_aWind effects on buildings and structures: _bProceedings of the conference on 26, 27 and 28 June, 1963 _c/ National Physical Laboratory, Middlesex |
||
| 260 |
_aLondon: _bHer Majesty's Stationery Office, _c1965 |
||
| 490 |
_aSymposium _v16 |
||
| 500 | _aVol. 1 (1965; vii, 430p.) | ||
| 650 | _aIndustries | ||
| 653 | _aWind loading | ||
| 942 |
_2udc _cSYM |
||
| 999 |
_c26791 _d26791 |
||